00745nam a2200205 a 450000100100000000500170001000800410002702000150006804000250008308200150010810000270012324000400015024500870019026000460027730000200032350000270034350400390037095201130040999900170052200003687720200930080007.0120203s1987 sp a 000 0 spa d a8472900509 aDO-SdBNPbspacBNPHU axxxxbF8991 aFriedel, Robert96324513aEdison´s electric lightlEspañol13aLa luz eléctrica de Edison. /cRobert Friedel & Paul Israel con Bernard S. Finn. aBarcelona :bEdiciones Bellaterra,c1987. a269 p ;c28 cm. aTraducido del inglés aNotas bibliográficas : p.243-258 001050718MOaGRbGRcCTd2012-02-03iLF1l0oxxxx F899p36877-10r2020-06-25w2020-06-25y1ZNo se presta c36368d36368